• 首页
  • 本馆介绍
  • 公告通知
  • 最新文献
  • 馆藏检索
  • 电子资源
  • 读者导购
  • 参考咨询
  • 我的图书馆
  • 登录
  • 详细信息显示
  • 放入我的书架
  • 预约/预借图书
  • 作者相关作品
  • 分类相关作品
  • 丛书相关作品
  • 出版社相关作品

书目信息

  • 表格格式
  • 工作单格式
  • 卡片格式
题名:
文学欣赏导引
    
 
作者: 胡山林 著
分册:  
出版信息: 开封   河南大学出版社  1995
页数: 320页
开本: 21cm
丛书名:
单 册:
中图分类: I06
科图分类:
主题词: 文学欣赏
电子资源:
ISBN: 7-81041-223-X
000 00595nam0 2200217 45
001 020000028273
005 20050923112039.26
010    @a7-81041-223-X@dCNY12.50
100    @a20050103e20041995ekmy0chiy0120 ea
101 0  @achi
102    @aCN@b410000
105    @ay z 000yy
200 1  @a文学欣赏导引@9wen xue xin shang dao yin@f胡山林著@Fhu shan lin zhu
210    @a开封@c河南大学出版社@d1995@h2004重印
215    @a320页@d21cm
606 0  @a文学欣赏
690    @aI06@v4
701  0 @a胡山林@Ahu shan lin@4著
801  0 @aCN@bTSSF@c20050923
905    @a10447@dI06@e118
999    @aHSJ@eSue
    
    文学欣赏导引/胡山林著.-开封:河南大学出版社,1995(2004重印)
    320页;21cm
    
    
    ISBN 7-81041-223-X:CNY12.50
    
●
相关链接 在E读中查询图书 在五车中查询图书 在当当中查询图书 在豆瓣中查询图书


正题名:文学欣赏导引     索取号:I06/118         预约/预借

序号 登录号 条形码 馆藏地/架位号 状态 备注
1 0362824   3628248   第一样本阅览室/ [索取号:I06/118] 在馆    
2 0362825   3628257   第二借阅区/ [索取号:I06/118] 在馆    
3 0362826   3628266   第二借阅区/ [索取号:I06/118] 在馆    
4 0362827   3628275   第二借阅区/ [索取号:I06/118] 在馆    
5 0362828   3628284   第二借阅区/ [索取号:I06/118] 在馆    
唐山师范学院图书馆 欢迎您!
大连网信软件有限公司© 版权所有